Statistics for World Leaders of the 21st Century

Click here to take the quiz!

General Stats

  • This quiz has been taken 35 times
  • The average score is 35 of 74

Answer Stats

HintAnswer% Correct
2009-2017Barack Obama
100%
2017-2021Donald Trump
100%
2001-2009George W. Bush
100%
2021-Joe Biden
100%
2019-2022Boris Johnson
97%
2017-Emmanuel Macron
97%
2012-Vladimir Putin
97%
2000-2008Vladimir Putin
97%
2005-2021Angela Merkel
94%
2015-Justin Trudeau
94%
2022-Rishi Sunak
87%
2016-2019Theresa May
87%
1997-2007Tony Blair
87%
2013-Xi Jinping
87%
2010-2016David Cameron
84%
2021-Olaf Scholz
84%
2006-2007Shinzo Abe
84%
2012-2020Shinzo Abe
84%
2012-2017François Hollande
81%
2022Liz Truss
81%
2014-Narendra Modi
77%
2007-2012Nicolas Sarkozy
77%
2019-2022Jair Bolsonaro
74%
2001-2006Silvio Berlusconi
74%
2008-2011Silvio Berlusconi
74%
2022-Giorgia Meloni
68%
2018-Andrés Manuel López Obrador
65%
2008-2012Dmitry Medvedev
65%
2023-Luiz Inácio Lula da Silva
65%
2007-2010Gordon Brown
61%
1995-2007Jacques Chirac
61%
2018-Pedro Sánchez
52%
2021-2022Mario Draghi
48%
2011-2016Dilma Rousseff
45%
2004-2014Manmohan Singh
42%
2013-2016Park Geun-hye
42%
1998-2005Gerhard Schroeder
39%
1998-2003Kim Dae-jung
39%
2006-2015Stephen Harper
39%
2018-2021Guiseppe Conte
35%
2003-2010Luiz Inácio Lula da Silva
35%
2021-Fumio Kishida
32%
2003-2013Hu Jintao
32%
2017-2022Moon Jae-In
32%
2000-2006Vicente Fox
32%
2008-2013Lee Myung-bak
26%
1993-2003Jiang Zemin
23%
2014-2016Matteo Renzi
23%
2003-2006Paul Martin
23%
2012-2018Enrique Peña Nieto
19%
1993-2003Jean Chrétien
19%
2011-2018Mariano Rajoy
19%
2011-2013Mario Monti
19%
2004-2011José Luis Rodríguez Zapatero
16%
2016-2018Michel Temer
16%
2016-2018Paolo Gentiloni
16%
2020-2021Yoshihide Suga
16%
1998-2004Atal Bihari Vajpayee
13%
2013-2014Enrico Letta
13%
2006-2012Felipe Calderón
13%
2006-2008Romano Prodi
13%
2022-Yoon Suk Yeol
13%
1995-2002Fernando Henrique Cardoso
10%
1996-2004José María Aznar
10%
2010-2011Naoto Kan
10%
2003-2008Roh Moo-hyun
10%
2000-2001Giuliano Amato
3%
2001-2006Junichiro Koizumi
3%
2008-2009Tarō Asō
3%
2007-2008Yasuo Fukuda
3%
2011-2012Yoshihiko Noda
3%
2000-2001Yoshirō Mori
3%
2016-2017Hwang Kyo-ahn
0%
2009-2010Yukio Hatoyama
0%

Score Distribution

Percentile by Number Answered

Percent of People with Each Score

Your Score History

You have not taken this quiz